000 01139nam a2200229Ia 4500
001 L269-28729
003 IT-CnALBA
008 170116s9999||||xx |||||||||||||| ||und||
040 _aIT-CnALBA
_cIT-CnALBA
041 _aITALIANO
100 _aFORNERO GIANNI, SAC.
245 0 _aEVANGELIZZARE I GIOVANI LAVORATORI. - RIFLESSIONI E PROPOSTE DI CI-GIOC RELIGIOSI.
250 _a1a ed.
260 _aTORINO
_bELLE DI CI - LEUMANN
_c1993 [1° Ed.:1993 - Ed.Ling.Originale: 1993]
300 _a265 p.
500 _aRADICI STORICHE. CHIESA E LAVORATORI. LA QUESTIONE OPERAIA. IL MIRIALDO E I PADRI GIUSEPPINI. P. CHEVRIER E IL PRADO. DON BOSCO. PICCOLE SORELLE DELL'OPERAIO. P. DEHON. J. CARDIJN E LA GIOC. APPRENDISTI.
501 _aSocietà San Paolo EM - Piazza San Paolo, 14 - 12051 ALBA (CN) (non commercial uses only) ® Copyright 2017
520 _aRADICI STORICHE. CHIESA E LAVORATORI. LA QUESTIONE OPERAIA. IL MIRIALDO E I PADRI GIUSEPPINI. P. CHEVRIER E IL PRADO. DON BOSCO. PICCOLE SORELLE DELL'OPERAIO. P. DEHON. J. CARDIJN E LA GIOC. APPRENDISTI.
650 _aEVANGELIZZAZIONE
942 _cBK
957 _71
999 _a33498
_bNO
_g Copie: 1
_c287676
_d287676